[Event "Cantabria-ch U18 1213"]
[Site "Muriedas"]
[Date "2013.01.02"]
[Round "4.2"]
[White "Hernando Saiz, Tomas"]
[Black "Tejedor Fuente, Enrique"]
[Result "0-1"]
[WhiteElo "1629"]
[BlackElo "2297"]
[PlyCount "74"]
[EventDate "2012.12.26"]
[EventType "swiss"]
[EventRounds "5"]
[EventCountry "ESP"]
[SourceTitle "EXT 2024"]
[Source "ChessBase"]
[SourceDate "2023.10.10"]
[SourceVersion "1"]
[SourceVersionDate "2023.10.10"]
[SourceQuality "1"]

1. d4 Nf6 2. Nf3 g6 3. c4 Bg7 4. Nc3 0-0 5. Bf4 d6 6. e4 Bg4 7. Be2 Nfd7 8. Be3 e5 9. h3 Bxf3 10. Bxf3 Nc6 11. d5 Nd4 12. Nb5 Qf6 13. Bxd4 exd4 14. 0-0 a6 15. Na3 Rfe8 16. Re1 Re7 17. Rc1 Rae8 18. b4 a5 19. Rb1 axb4 20. Rxb4 Nc5 21. Nc2 b6 22. Rb1 d3 23. Nb4 Qc3 24. Re3 Bh6 25. Rxd3 Nxd3 26. Nxd3 Qxc4 27. Rb2 Ra8 28. Rc2 Qd4 29. Re2 Ra3 30. Nb2 Qxd1+ 31. Nxd1 f5 32. Kf1 Bg7 33. Ke1 Ra4 34. exf5 Rxe2+ 35. Bxe2 gxf5 36. Bd3 f4 37. Bb1 Ra5 0-1

[Event "Cantabria-ch"]
[Site "Cantabria"]
[Date "2009.04.18"]
[Round "5"]
[White "Montes Cagigas, Manuel"]
[Black "Hernando Saiz, Tomas"]
[Result "1-0"]
[WhiteElo "1719"]
[BlackElo "1542"]
[PlyCount "41"]
[EventDate "2009.03.14"]
[EventType "swiss"]
[EventRounds "7"]
[EventCountry "ESP"]
[SourceTitle "EXT 2024"]
[Source "ChessBase"]
[SourceDate "2023.10.10"]
[SourceVersion "1"]
[SourceVersionDate "2023.10.10"]
[SourceQuality "1"]

1. d4 d5 2. c4 c6 3. Nc3 Bf5 4. e3 Nf6 5. Nf3 g6 6. h3 Ne4 7. cxd5 Qa5 8. Qb3 Nd6 9. Bd2 Qc7 10. Rc1 Bg7 11. dxc6 Nxc6 12. Nb5 Nxb5 13. Bxb5 Bd7 14. d5 Rb8 15. Qa4 a6 16. dxc6 axb5 17. cxd7+ Qxd7 18. Qb3 Qf5 19. 0-0 0-0 20. Bc3 Bxc3 21. Rxc3 1-0

[Event "Cantabria-ch"]
[Site "Cantabria"]
[Date "2009.04.04"]
[Round "4"]
[White "Hernando Saiz, Tomas"]
[Black "Rodriguez Baldor, David"]
[Result "1-0"]
[WhiteElo "1542"]
[BlackElo "1650"]
[PlyCount "109"]
[EventDate "2009.03.14"]
[EventType "swiss"]
[EventRounds "7"]
[EventCountry "ESP"]
[SourceTitle "EXT 2024"]
[Source "ChessBase"]
[SourceDate "2023.10.10"]
[SourceVersion "1"]
[SourceVersionDate "2023.10.10"]
[SourceQuality "1"]

1. d4 Nf6 2. Nf3 d5 3. g3 e6 4. Bg2 c5 5. c4 dxc4 6. Qa4+ Bd7 7. Qxc4 Nc6 8. dxc5 Qa5+ 9. Bd2 Qxc5 10. Qxc5 Bxc5 11. 0-0 Ne4 12. Nc3 Nxd2 13. Nxd2 0-0 14. Nce4 Bb6 15. Nc4 Bc7 16. Rfd1 Rad8 17. Nc5 Bc8 18. e3 Ne5 19. b3 Nxc4 20. bxc4 b6 21. Nb7 Bxb7 22. Bxb7 Be5 23. Rac1 Bd6 24. Rc2 Bb4 25. Rb1 Bc5 26. Rcc1 Rd2 27. a4 Rfd8 28. Bc6 a5 29. Bf3 f5 30. Rd1 e5 31. Bd5+ R8xd5 32. cxd5 Rxd1+ 33. Rxd1 Bd6 34. Rc1 Bc5 35. Kf1 Kf7 36. Ke2 e4 37. f3 h5 38. fxe4 fxe4 39. Rf1+ Ke7 40. Rf5 g6 41. Re5+ Kd6 42. Rxe4 Kxd5 43. Re8 Kc4 44. Re4+ Kb3 45. Rf4 Bb4 46. e4 Kxa4 47. e5 Kb3 48. Rxb4+ Kxb4 49. e6 a4 50. e7 a3 51. e8Q a2 52. Qe5 Kb3 53. Kd2 Ka3 54. Kc1 b5 55. Qb2+ 1-0